LEADER 01570nam 2200361Ia 450 001 996387364603316 005 20221108083347.0 035 $a(CKB)1000000000632186 035 $a(EEBO)2240943059 035 $a(OCoLC)9922874600971 035 $a(EXLCZ)991000000000632186 100 $a20040924d1551 uy 0 101 0 $alat 135 $aurbn||||a|bb| 200 00$aLiturgia sacra, seu ritus ministerii in ecclesia peregrinorum profugorum propter Euangelium Christi Argentinæ$b[electronic resource] /$fAdiecta est ad finem breuis apologia pro hac liturgia, per Valerandum Pollanum Flandrum 210 $aImpressum Londini $cper Stephanum Mierdmannu?.$dM.D.LI. [1551] 215 $a[16], 38 [i.e. 76], [2] p 300 $aInitial, tail-pieces. 300 $aSignatures: *⸠A-E⸠(ends E₇r, last leaf blank?). 300 $aImprint from colop. which reads: IMPRESSUM LONDINI / per Stephanum Mierdmannũ. / 23.Februar. AN. / M.D.LI. / S.D.S.M. [tail-piece]. 300 $aReproduction of original in: British Library. 330 $aeebo-0018 606 $aReformed Church$zFrance$zStrasbourg$vEarly works to 1800 606 $aReformed Church$vLiturgy$vEarly works to 1800 615 0$aReformed Church 615 0$aReformed Church 701 $aPoullain$b Vale?rand$fd. 1559 or 60.$01014367 801 0$bEBK 801 1$bEBK 906 $aBOOK 912 $a996387364603316 996 $aLiturgia sacra, seu ritus ministerii in ecclesia peregrinorum profugorum propter Euangelium Christi Argentinæ$92417383 997 $aUNISA LEADER 00773nam0-2200265 --450 001 9910776899603321 005 20240125103755.0 100 $a20240125d1941----kmuy0itay5050 ba 101 0 $ager 102 $aDD 105 $aa 001yy 200 1 $a<>Mucorineen-Gattung Mortierella Coemans$fvon Germaine Linnemann 210 $aJena$cG. Fischer$d1941 215 $a64 p., VIII c. di tav.$cill.$d26 cm. 225 1 $aPflanzenforschung$v23 610 0 $aOrganismi 676 $a589.258$v7$zita 700 1$aLinnemann,$bGermaine$01509621 801 0$aIT$bUNINA$gREICAT$2UNIMARC 901 $aBK 912 $a9910776899603321 952 $aA PAT 806$b588/2024$fFAGBC 959 $aFAGBC 996 $aMucorineen-Gattung Mortierella Coemans$93741633 997 $aUNINA LEADER 04316nam 2200553 450 001 9910824122203321 005 20220425153406.0 010 $a3-11-056036-4 010 $a3-11-056033-X 024 7 $a10.1515/9783110560336 035 $a(CKB)4100000002580350 035 $a(MiAaPQ)EBC5157054 035 $a(DE-B1597)487455 035 $a(OCoLC)1029820206 035 $a(DE-B1597)9783110560336 035 $a(Au-PeEL)EBL5157054 035 $a(CaPaEBR)ebr11520320 035 $a(OCoLC)1028179793 035 $a(EXLCZ)994100000002580350 100 $a20180326h20182018 uy 0 101 0 $ager 135 $aurcnu|||||||| 181 $2rdacontent 182 $2rdamedia 183 $2rdacarrier 200 00$aThomas Hobbes $ede Cive /$fherausgegeben von Otfried Ho?ffe 210 1$aBerlin, [Germany] ;$aBoston, [Massachusetts] :$cDe Gruyter,$d2018. 210 4$d©2018 215 $a1 online resource (250 pages) 225 1 $aKlassiker Auslegen,$x2192-4554 ;$vBand 68 311 $a3-11-056023-2 320 $aIncludes bibliographical references and indexes. 327 $tFrontmatter --$tInhalt --$tZitierweise und Abkürzungen --$tVorwort /$rHöffe, Otfried --$t1. Einführung /$rHöffe, Otfried --$t2. Titel und Titelkupfer, Widmungsschreiben und "Vorrede an die Leser": Der Auftakt zu einer politischen Philosophie more geometrico? /$rWaas, Lothar R. --$t3. Naturzustand (Kapitel 1) /$rHöffe, Otfried --$t4. Suche Frieden und schließe einen Vertrag! Das grundlegende und das erste abgeleitete natürliche Gesetz in De cive (Kapitel 2) /$rKlemme, Heiner F. --$t5. Von den übrigen natürlichen Gesetzen und ihrer Vereinbarkeit mit der christlichen Lehre (Kapitel 3 und 4) /$rBrantl, Dirk --$t6. Von der Natur des Menschen bis zur Begründung des Staates (Kapitel 5 und 6) /$rAdler, Jeremy --$t7. Vertrag, Versprechen, Vertrauen. Über die verschiedenen Quellen und Arten des Herrschaftsrechts über Personen (Kapitel 7 und 8) /$rÖzmen, Eli --$t8. Elternrecht und Herrschaftsrecht (Kapitel 9 und 10) /$rHespe, Franz --$t9. Hobbes's Absolutist State (chapter 11, 12 and 13) /$rSpringborg, Patricia --$t10. Die Macht der Gesetze und die Notwendigkeit von Strafen (Kapitel 14) /$rHildt, Moritz --$t11. Hobbes on Obedience to God and Man (chapter 15) /$rSorell, Tom --$t12. Die politisch-theologische Neutralisierung des Christentums (Kapitel 16 und 17) /$rSchotte, Dietrich --$t13. Glaube und Gehorsam (Kapitel 18) /$rSchröder, Peter --$t14. Theorie und Praxis des Kirchenregiments in England seit der Reformation: Der Kontext des Erastianismus bei Thomas Hobbes /$rAsch, Ronald G. --$t15. Ausblick: Vertragstheorie und ihre Kritik /$rHöffe, Otfried --$tAuswahlbibliographie --$tPersonenregister --$tSachregister --$tHinweise zu den Autoren 330 $aThomas Hobbes' Lebensaufgabe besteht in einer wissenschaftlichen Staatsphilosophie. Dabei stellt er sich den drei Herausforderungen seiner Epoche: methodisch dem Beweisideal der Mathematik, politisch der blutigen Wirklichkeit der Kriege und Bürgerkriege und moralisch dem Schwinden gemeinsamer Überzeugungen. Weil er sich allen drei Herausforderungen stellt, zugleich sie miteinander verbindet, schafft er das die Tradition stürzende Argumentationsmuster der politischen Moderne, die Vertragstheorie. Mit ihr bringt er eine der größten Staatsphilosophien der abendländischen Geistesgeschichte hervor. In De cive / Vom Bürger (1642), das noch vor dem Leviathan (1651) entstand, finden sich bereits zahlreiche von Hobbes' zentralen Gedanken zur politischen Philosophie. Diese Schrift wird hier durchgängig von international renommierten Autoren kommentiert. Mit Beiträgen von Jeremy Adler, Ronald Asch, Dirk Brantl, Franz Hespe, Moritz Hildt, Otfried Höffe, Heiner Klemme, Elif Özmen, Dietrich Schotte, Peter Schröder, Patricia Springborg, Tom Sorell und Lothar Waas. 410 0$aKlassiker auslegen ;$vBand 68. 606 $aPhilosophy, British 610 $aThomas Hobbes. 610 $apolitical philosophy. 610 $asocial contract. 615 0$aPhilosophy, British. 676 $a192 702 $aHo?ffe$b Otfried 801 0$bMiAaPQ 801 1$bMiAaPQ 801 2$bMiAaPQ 906 $aBOOK 912 $a9910824122203321 996 $aThomas Hobbes$9623514 997 $aUNINA